000 00551nam a22001937a 4500
005 20251108165303.0
008 250721s1996 xx 000 0 ara d
082 1 4 _a631.4/جود
100 1 _aجودة، جودة حسنين
245 1 0 _aالأراضي الجافة و شبه الجافة /
264 1 _aالقاهرة :
_bدار المعرفة الجامعية،
_c1996.
300 _a400ص
650 1 7 _aالأراضي
650 1 7 _aالتربة
650 1 7 _aالتصحر
650 1 7 _aالمناخ
942 _2ddc
_cBK
999 _c24172
_d24172